{"text_format":"3","workbook":"xlsx","n_sheets":1,"sheets":["Worksheet"],"read":"whole","date_system":"1900"}

{"sheet":"Worksheet","index":0,"n_rows":94,"n_cols":15,"rows_kept":94}
["№","Название ОУ","Фамилия","Имя","Отчество","Пол","Класс","Класс участия","Балл","Макс. балл","Статус","Призер МЭ прошлого года","Учитель","Место работы учителя","Предмет"]
[299337,"МБОУ \"Школа №24\"","Антипов","Евгений","Александрович","м",7,7,52,80,"призер",null,"Мотыгуллин Ирек Нургалиевич","МБОУ \"Школа №24\" Приволжского района г.Казани","Астрономия"]
[299338,"МБОУ \"Школа №24\"","Аскаров","Артур","Ильнурович","м",7,7,61,80,"призер",null,"Мотыгуллин Ирек Нургалиевич","МБОУ \"Школа №24\" Приволжского района г.Казани","Астрономия"]
[299339,"МБОУ \"Школа №24\"","Белов","Артём","Алексеевич","м",7,7,68,80,"победитель",null,"Мотыгуллин Ирек Нургалиевич","МБОУ \"Школа №24\" Приволжского района г.Казани","Астрономия"]
[299340,"МБОУ \"Школа №24\"","Вагизова","Разалия","Вагизовна","ж",7,7,50,80,"призер",null,"Мотыгуллин Ирек Нургалиевич","МБОУ \"Школа №24\" Приволжского района г.Казани","Астрономия"]
[299341,"МБОУ \"Школа №24\"","Валеев","Карим","Искандерович","м",7,7,53,80,"призер",null,"Мотыгуллин Ирек Нургалиевич","МБОУ \"Школа №24\" Приволжского района г.Казани","Астрономия"]
[299342,"МБОУ \"Школа №24\"","Гизатуллина","Элина","Динаровна","ж",7,7,55,80,"призер",null,"Мотыгуллин Ирек Нургалиевич","МБОУ \"Школа №24\" Приволжского района г.Казани","Астрономия"]
[299343,"МБОУ \"Школа №24\"","Евдокимов","Михаил","Владимирович","м",7,7,58,80,"призер",null,"Мотыгуллин Ирек Нургалиевич","МБОУ \"Школа №24\" Приволжского района г.Казани","Астрономия"]
[299344,"МБОУ \"Школа №24\"","Ерёмин","Амир","Евгеньевич","м",7,7,43,80,"участник",null,"Мотыгуллин Ирек Нургалиевич","МБОУ \"Школа №24\" Приволжского района г.Казани","Астрономия"]
[299345,"МБОУ \"Школа №24\"","Иванова","Евгения","Витальевна","ж",7,7,41,80,"участник",null,"Мотыгуллин Ирек Нургалиевич","МБОУ \"Школа №24\" Приволжского района г.Казани","Астрономия"]
[299346,"МБОУ \"Школа №24\"","Низамбиева","Софья","Тимуровна","ж",7,7,58,80,"призер",null,"Мотыгуллин Ирек Нургалиевич","МБОУ \"Школа №24\" Приволжского района г.Казани","Астрономия"]
[299347,"МБОУ \"Школа №24\"","Осташина","Полина","Александровна","ж",7,7,37,80,"участник",null,"Мотыгуллин Ирек Нургалиевич","МБОУ \"Школа №24\" Приволжского района г.Казани","Астрономия"]
[299348,"МБОУ \"Школа №24\"","Погодаев","Матвей","Олегович","м",7,7,57,80,"призер",null,"Мотыгуллин Ирек Нургалиевич","МБОУ \"Школа №24\" Приволжского района г.Казани","Астрономия"]
[299349,"МБОУ \"Школа №24\"","Сафина","Ясмина","Рустэмовна","ж",7,7,41,80,"участник",null,"Мотыгуллин Ирек Нургалиевич","МБОУ \"Школа №24\" Приволжского района г.Казани","Астрономия"]
[299350,"МБОУ \"Школа №24\"","Сибгатуллин","Мансур","Маратович","м",7,7,51,80,"призер",null,"Мотыгуллин Ирек Нургалиевич","МБОУ \"Школа №24\" Приволжского района г.Казани","Астрономия"]
[299351,"МБОУ \"Школа №24\"","Сиразетдинова","Регина","Дамировна","ж",7,7,55,80,"призер",null,"Мотыгуллин Ирек Нургалиевич","МБОУ \"Школа №24\" Приволжского района г.Казани","Астрономия"]
[299352,"МБОУ \"Школа №24\"","Ситдыкова","Радмила","Денисовна","ж",7,7,43,80,"участник",null,"Мотыгуллин Ирек Нургалиевич","МБОУ \"Школа №24\" Приволжского района г.Казани","Астрономия"]
[299353,"МБОУ \"Школа №24\"","Спиридонова","Виталия","Андреевна","ж",7,7,56,80,"призер",null,"Мотыгуллин Ирек Нургалиевич","МБОУ \"Школа №24\" Приволжского района г.Казани","Астрономия"]
[299354,"МБОУ \"Школа №24\"","Филипов","Никита","Максимович","м",7,7,55,80,"призер",null,"Мотыгуллин Ирек Нургалиевич","МБОУ \"Школа №24\" Приволжского района г.Казани","Астрономия"]
[299355,"МБОУ \"Школа №24\"","Юнусова","Софья","Андреевна","ж",7,7,43,80,"участник",null,"Мотыгуллин Ирек Нургалиевич","МБОУ \"Школа №24\" Приволжского района г.Казани","Астрономия"]
[299356,"МБОУ \"Школа №24\"","Закиева","Софья","Романовна","ж",7,7,45,80,"участник",null,"Мотыгуллин Ирек Нургалиевич","МБОУ \"Школа №24\" Приволжского района г.Казани","Астрономия"]
[299357,"МБОУ \"Школа №24\"","Ишмиев","Тимерхан","Робертович","м",7,7,49,80,"участник",null,"Мотыгуллин Ирек Нургалиевич","МБОУ \"Школа №24\" Приволжского района г.Казани","Астрономия"]
[299358,"МБОУ \"Школа №24\"","Седова","Диана","Дмитриевна","ж",7,7,47,80,"участник",null,"Мотыгуллин Ирек Нургалиевич","МБОУ \"Школа №24\" Приволжского района г.Казани","Астрономия"]
[299359,"МБОУ \"Школа №24\"","Антонова","Ангелина","Андреевна","ж",8,8,45,80,"участник",null,"Шагиахметова Наталья Николаевна","МБОУ \"Школа №24\" Приволжского района г.Казани","Астрономия"]
[299360,"МБОУ \"Школа №24\"","Артемьев","Сергей","Максимович","м",8,8,38,80,"участник",null,"Мотыгуллин Ирек Нургалиевич","МБОУ \"Школа №24\" Приволжского района г.Казани","Астрономия"]
[299361,"МБОУ \"Школа №24\"","Афлятунов","Амир","Раилевич","м",8,8,55,80,"призер",null,"Мотыгуллин Ирек Нургалиевич","МБОУ \"Школа №24\" Приволжского района г.Казани","Астрономия"]
[299362,"МБОУ \"Школа №24\"","Бусыгина","Анастасия","Константиновна","ж",8,8,33,80,"участник",null,"Шагиахметова Наталья Николаевна","МБОУ \"Школа №24\" Приволжского района г.Казани","Астрономия"]
[299363,"МБОУ \"Школа №24\"","Валиев","Тимур","Рустамович","м",7,8,41,80,"участник",null,"Мотыгуллин Ирек Нургалиевич","МБОУ \"Школа №24\" Приволжского района г.Казани","Астрономия"]
[299364,"МБОУ \"Школа №24\"","Валиева","Элина","Эдуардовна","ж",8,8,56,80,"призер",null,"Мотыгуллин Ирек Нургалиевич","МБОУ \"Школа №24\" Приволжского района г.Казани","Астрономия"]
[299365,"МБОУ \"Школа №24\"","Дмитриев","Матвей","Михайлович","м",8,8,47,80,"участник",null,"Мотыгуллин Ирек Нургалиевич","МБОУ \"Школа №24\" Приволжского района г.Казани","Астрономия"]
[299366,"МБОУ \"Школа №24\"","Елкина","Алина","Юрьевна","ж",8,8,47,80,"участник",null,"Мотыгуллин Ирек Нургалиевич","МБОУ \"Школа №24\" Приволжского района г.Казани","Астрономия"]
[299367,"МБОУ \"Школа №24\"","Зиганшина","Наиля","Ильшатовна","ж",8,8,42,80,"участник",null,"Шагиахметова Наталья Николаевна","МБОУ \"Школа №24\" Приволжского района г.Казани","Астрономия"]
[299368,"МБОУ \"Школа №24\"","Иванов","Александр","Евгеньевич","м",8,8,50,80,"призер",null,"Шагиахметова Наталья Николаевна","МБОУ \"Школа №24\" Приволжского района г.Казани","Астрономия"]
[299369,"МБОУ \"Школа №24\"","Клочкова","Майя","Сергеевна","ж",8,8,56,80,"призер",null,"Шагиахметова Наталья Николаевна","МБОУ \"Школа №24\" Приволжского района г.Казани","Астрономия"]
[299370,"МБОУ \"Школа №24\"","Ларионов","Станислав","Евгеньевич","м",8,8,64,80,"призер",null,"Мотыгуллин Ирек Нургалиевич","МБОУ \"Школа №24\" Приволжского района г.Казани","Астрономия"]
[299371,"МБОУ \"Школа №24\"","Мардясова","Зарина","Романовна","ж",8,8,70,80,"победитель",null,"Мотыгуллин Ирек Нургалиевич","МБОУ \"Школа №24\" Приволжского района г.Казани","Астрономия"]
[299372,"МБОУ \"Школа №24\"","Микерин","Макар","Дмитриевич","м",8,8,62,80,"призер",null,"Мотыгуллин Ирек Нургалиевич","МБОУ \"Школа №24\" Приволжского района г.Казани","Астрономия"]
[299373,"МБОУ \"Школа №24\"","Мифтахова","Ралина","Ильшатовна","ж",8,8,56,80,"призер",null,"Шагиахметова Наталья Николаевна","МБОУ \"Школа №24\" Приволжского района г.Казани","Астрономия"]
[299374,"МБОУ \"Школа №24\"","Садыкова","Амелия","Айратовна","ж",8,8,68,80,"призер",null,"Мотыгуллин Ирек Нургалиевич","МБОУ \"Школа №24\" Приволжского района г.Казани","Астрономия"]
[299375,"МБОУ \"Школа №24\"","Санжапова","Аиша","Иршатовна","ж",8,8,37,80,"участник",null,"Мотыгуллин Ирек Нургалиевич","МБОУ \"Школа №24\" Приволжского района г.Казани","Астрономия"]
[299376,"МБОУ \"Школа №24\"","Фаткуллина","Рената","Тахировна","ж",8,8,53,80,"призер",null,"Мотыгуллин Ирек Нургалиевич","МБОУ \"Школа №24\" Приволжского района г.Казани","Астрономия"]
[299377,"МБОУ \"Школа №24\"","Шведова","Ильдана","Романовна","ж",7,8,45,80,"участник",null,"Мотыгуллин Ирек Нургалиевич","МБОУ \"Школа №24\" Приволжского района г.Казани","Астрономия"]
[299378,"МБОУ \"Школа №24\"","Шербашов","Роберт","Алексеевич","м",8,8,55,80,"призер",null,"Шагиахметова Наталья Николаевна","МБОУ \"Школа №24\" Приволжского района г.Казани","Астрономия"]
[299379,"МБОУ \"Школа №24\"","Яковлева","Карина","Александровна","ж",8,8,64,80,"призер",null,"Мотыгуллин Ирек Нургалиевич","МБОУ \"Школа №24\" Приволжского района г.Казани","Астрономия"]
[299380,"МБОУ \"Школа №24\"","Бадгиева","Альбина","Альбертовна","ж",9,9,56,100,"участник",null,"Шагиахметова Наталья Николаевна","МБОУ \"Школа №24\" Приволжского района г.Казани","Астрономия"]
[299381,"МБОУ \"Школа №24\"","Бакиров","Рустам","Ильдарович","м",9,9,16,100,"участник",null,"Мотыгуллин Ирек Нургалиевич","МБОУ \"Школа №24\" Приволжского района г.Казани","Астрономия"]
[299382,"МБОУ \"Школа №24\"","Валиуллина","Камиля","Наилевна","ж",9,9,44,100,"участник",null,"Мотыгуллин Ирек Нургалиевич","МБОУ \"Школа №24\" Приволжского района г.Казани","Астрономия"]
[299383,"МБОУ \"Школа №24\"","Гараева","Азалия","Ленаровна","ж",9,9,43,100,"участник",null,"Мотыгуллин Ирек Нургалиевич","МБОУ \"Школа №24\" Приволжского района г.Казани","Астрономия"]
[299384,"МБОУ \"Школа №24\"","Гарифуллина","Алия","Ильшатовна","ж",9,9,43,100,"участник",null,"Мотыгуллин Ирек Нургалиевич","МБОУ \"Школа №24\" Приволжского района г.Казани","Астрономия"]
[299385,"МБОУ \"Школа №24\"","Куянова","Дарина","Валерьевна","ж",9,9,65,100,"призер",null,"Мотыгуллин Ирек Нургалиевич","МБОУ \"Школа №24\" Приволжского района г.Казани","Астрономия"]
[299386,"МБОУ \"Школа №24\"","Закиров","Ахмад","Азатович","м",9,9,21,100,"участник",null,"Шагиахметова Наталья Николаевна","МБОУ \"Школа №24\" Приволжского района г.Казани","Астрономия"]
[299387,"МБОУ \"Школа №24\"","Кабиров","Радмир","Артурович","м",9,9,78,100,"призер",null,"Мотыгуллин Ирек Нургалиевич","МБОУ \"Школа №24\" Приволжского района г.Казани","Астрономия"]
[299388,"МБОУ \"Школа №24\"","Луконина","Дарья","Игоревна","ж",9,9,54,100,"участник",null,"Шагиахметова Наталья Николаевна","МБОУ \"Школа №24\" Приволжского района г.Казани","Астрономия"]
[299389,"МБОУ \"Школа №24\"","Матушкина","Дарья","Сергеевна","ж",9,9,29,100,"участник",null,"Мотыгуллин Ирек Нургалиевич","МБОУ \"Школа №24\" Приволжского района г.Казани","Астрономия"]
[299390,"МБОУ \"Школа №24\"","Моисеев","Фаддей","Фагимович","м",9,9,73,100,"призер",null,"Мотыгуллин Ирек Нургалиевич","МБОУ \"Школа №24\" Приволжского района г.Казани","Астрономия"]
[299391,"МБОУ \"Школа №24\"","Музипова","Розалия","Радиковна","ж",7,9,60,100,"призер",null,"Мотыгуллин Ирек Нургалиевич","МБОУ \"Школа №24\" Приволжского района г.Казани","Астрономия"]
[299392,"МБОУ \"Школа №24\"","Никифоров","Ярослав","Павлович","м",9,9,61,100,"призер",null,"Шагиахметова Наталья Николаевна","МБОУ \"Школа №24\" Приволжского района г.Казани","Астрономия"]
[299393,"МБОУ \"Школа №24\"","Поляков","Дмитрий","Евгеньевич","м",9,9,83,100,"призер",null,"Мотыгуллин Ирек Нургалиевич","МБОУ \"Школа №24\" Приволжского района г.Казани","Астрономия"]
[299394,"МБОУ \"Школа №24\"","Сагиров","Данир","Халилович","м",9,9,61,100,"призер",null,"Мотыгуллин Ирек Нургалиевич","МБОУ \"Школа №24\" Приволжского района г.Казани","Астрономия"]
[299395,"МБОУ \"Школа №24\"","Сафин","Ислам","Радифович","м",9,9,88,100,"победитель",null,"Мотыгуллин Ирек Нургалиевич","МБОУ \"Школа №24\" Приволжского района г.Казани","Астрономия"]
[299396,"МБОУ \"Школа №24\"","Терновская","Вера","Антоновна","ж",9,9,37,100,"участник",null,"Мотыгуллин Ирек Нургалиевич","МБОУ \"Школа №24\" Приволжского района г.Казани","Астрономия"]
[299397,"МБОУ \"Школа №24\"","Титова","Ксения","Артёмовна","ж",9,9,55,100,"участник",null,"Шагиахметова Наталья Николаевна","МБОУ \"Школа №24\" Приволжского района г.Казани","Астрономия"]
[299398,"МБОУ \"Школа №24\"","Фаттахов","Артур","Айратович","м",9,9,62,100,"призер",null,"Шагиахметова Наталья Николаевна","МБОУ \"Школа №24\" Приволжского района г.Казани","Астрономия"]
[299399,"МБОУ \"Школа №24\"","Фукина","Дарья","Андреевна","ж",9,9,31,100,"участник",null,"Шагиахметова Наталья Николаевна","МБОУ \"Школа №24\" Приволжского района г.Казани","Астрономия"]
[299400,"МБОУ \"Школа №24\"","Шамсиев","Рафаэль","Ренатович","м",9,9,84,100,"призер",null,"Мотыгуллин Ирек Нургалиевич","МБОУ \"Школа №24\" Приволжского района г.Казани","Астрономия"]
[299401,"МБОУ \"Школа №24\"","Юнусова","Дарья","Андреевна","ж",9,9,52,100,"участник",null,"Мотыгуллин Ирек Нургалиевич","МБОУ \"Школа №24\" Приволжского района г.Казани","Астрономия"]
[299402,"МБОУ \"Школа №24\"","Алимов","Глеб","Тимурович","м",10,10,72,100,"призер",null,"Шагиахметова Наталья Николаевна","МБОУ \"Школа №24\" Приволжского района г.Казани","Астрономия"]
[299403,"МБОУ \"Школа №24\"","Багаутдинова","Лейла","Маратовна","ж",10,10,42,100,"участник",null,"Шагиахметова Наталья Николаевна","МБОУ \"Школа №24\" Приволжского района г.Казани","Астрономия"]
[299404,"МБОУ \"Школа №24\"","Гатауллина","Эмилия","Дамировна","ж",10,10,67,100,"призер",null,"Шагиахметова Наталья Николаевна","МБОУ \"Школа №24\" Приволжского района г.Казани","Астрономия"]
[299405,"МБОУ \"Школа №24\"","Гудин","Егор","Александрович","м",10,10,63,100,"призер",null,"Шагиахметова Наталья Николаевна","МБОУ \"Школа №24\" Приволжского района г.Казани","Астрономия"]
[299406,"МБОУ \"Школа №24\"","Заварзин","Валерий","Андреевич","м",10,10,61,100,"призер",null,"Шагиахметова Наталья Николаевна","МБОУ \"Школа №24\" Приволжского района г.Казани","Астрономия"]
[299407,"МБОУ \"Школа №24\"","Калинин","Амир","Айратович","м",10,10,36,100,"участник",null,"Шагиахметова Наталья Николаевна","МБОУ \"Школа №24\" Приволжского района г.Казани","Астрономия"]
[299408,"МБОУ \"Школа №24\"","Магдеев","Марат","Равилевич","м",10,10,73,100,"победитель",null,"Шагиахметова Наталья Николаевна","МБОУ \"Школа №24\" Приволжского района г.Казани","Астрономия"]
[299409,"МБОУ \"Школа №24\"","Макаров","Макар","Викторович","м",10,10,68,100,"призер",null,"Шагиахметова Наталья Николаевна","МБОУ \"Школа №24\" Приволжского района г.Казани","Астрономия"]
[299410,"МБОУ \"Школа №24\"","Наумова","Вероника","Евгеньевна","ж",10,10,44,100,"участник",null,"Шагиахметова Наталья Николаевна","МБОУ \"Школа №24\" Приволжского района г.Казани","Астрономия"]
[299411,"МБОУ \"Школа №24\"","Проккоев","Филипп","Антонович","м",10,10,66,100,"призер",null,"Шагиахметова Наталья Николаевна","МБОУ \"Школа №24\" Приволжского района г.Казани","Астрономия"]
[299412,"МБОУ \"Школа №24\"","Смаилов","Руслан","Айдарович","м",10,10,58,100,"участник",null,"Шагиахметова Наталья Николаевна","МБОУ \"Школа №24\" Приволжского района г.Казани","Астрономия"]
[299413,"МБОУ \"Школа №24\"","Шайхиев","Тимерлан","Масхутович","м",10,10,61,100,"призер",null,"Шагиахметова Наталья Николаевна","МБОУ \"Школа №24\" Приволжского района г.Казани","Астрономия"]
[299414,"МБОУ \"Школа №24\"","Шарафиев","Марсель","Альбертович","м",10,10,72,100,"призер",null,"Шагиахметова Наталья Николаевна","МБОУ \"Школа №24\" Приволжского района г.Казани","Астрономия"]
[299415,"МБОУ \"Школа №24\"","Якимова","Ульяна","Романовна","ж",10,10,65,100,"призер",null,"Шагиахметова Наталья Николаевна","МБОУ \"Школа №24\" Приволжского района г.Казани","Астрономия"]
[299416,"МБОУ \"Школа №24\"","Хайруллин","Ильназ","Марселевич","м",10,10,63,100,"призер",null,"Шагиахметова Наталья Николаевна","МБОУ \"Школа №24\" Приволжского района г.Казани","Астрономия"]
[299417,"МБОУ \"Школа №24\"","Байбурина","Амалия","Рустамовна","ж",11,11,57,100,"участник",null,"Шагиахметова Наталья Николаевна","МБОУ \"Школа №24\" Приволжского района г.Казани","Астрономия"]
[299418,"МБОУ \"Школа №24\"","Борисова","Арина","Анатольевна","ж",11,11,74,100,"победитель",null,"Шагиахметова Наталья Николаевна","МБОУ \"Школа №24\" Приволжского района г.Казани","Астрономия"]
[299419,"МБОУ \"Школа №24\"","Галимарданова","Роксана","Искандеровна","ж",11,11,42,100,"участник",null,"Шагиахметова Наталья Николаевна","МБОУ \"Школа №24\" Приволжского района г.Казани","Астрономия"]
[299420,"МБОУ \"Школа №24\"","Гизатуллина","Мадина","Тимуровна","ж",11,11,65,100,"призер",null,"Шагиахметова Наталья Николаевна","МБОУ \"Школа №24\" Приволжского района г.Казани","Астрономия"]
[299421,"МБОУ \"Школа №24\"","Кострикина","Елена","Евгеньевна","ж",11,11,59,100,"участник",null,"Шагиахметова Наталья Николаевна","МБОУ \"Школа №24\" Приволжского района г.Казани","Астрономия"]
[299422,"МБОУ \"Школа №24\"","Кузина","Ксения","Сергеевна","ж",11,11,52,100,"участник",null,"Шагиахметова Наталья Николаевна","МБОУ \"Школа №24\" Приволжского района г.Казани","Астрономия"]
[299423,"МБОУ \"Школа №24\"","Махмутова","Арина","Айратовна","ж",11,11,37,100,"участник",null,"Шагиахметова Наталья Николаевна","МБОУ \"Школа №24\" Приволжского района г.Казани","Астрономия"]
[299424,"МБОУ \"Школа №24\"","Павлова","Дарья","Сергеевна","ж",11,11,50,100,"участник",null,"Шагиахметова Наталья Николаевна","МБОУ \"Школа №24\" Приволжского района г.Казани","Астрономия"]
[299425,"МБОУ \"Школа №24\"","Пименова","Виктория","Руслановна","ж",11,11,65,100,"призер",null,"Шагиахметова Наталья Николаевна","МБОУ \"Школа №24\" Приволжского района г.Казани","Астрономия"]
[299426,"МБОУ \"Школа №24\"","Сабирзянова","Ясмина","Ранэлевна","ж",11,11,59,100,"участник",null,"Шагиахметова Наталья Николаевна","МБОУ \"Школа №24\" Приволжского района г.Казани","Астрономия"]
[299427,"МБОУ \"Школа №24\"","Фазлиева","Алина","Айратовна","ж",11,11,34,100,"участник",null,"Шагиахметова Наталья Николаевна","МБОУ \"Школа №24\" Приволжского района г.Казани","Астрономия"]
[299428,"МБОУ \"Школа №24\"","Фролова","Дарья","Олеговна","ж",11,11,43,100,"участник",null,"Шагиахметова Наталья Николаевна","МБОУ \"Школа №24\" Приволжского района г.Казани","Астрономия"]
[299429,"МБОУ \"Школа №24\"","Хуснутдинова","Камила","Маратовна","ж",11,11,66,100,"призер",null,"Шагиахметова Наталья Николаевна","МБОУ \"Школа №24\" Приволжского района г.Казани","Астрономия"]